LEADER 00970nam0-2200325---450- 001 990009619010403321 005 20120912152152.0 010 $a88-14-17383-4 035 $a000961901 035 $aFED01000961901 035 $a(Aleph)000961901FED01 035 $a000961901 100 $a20120912d2012----km-y0itay50------ba 101 0 $aita 102 $aIT 105 $ay-------001yy 200 1 $aDiritti umani e amministrazioni pubbliche$fMarco Pacini 210 $aMilano$cGiuffrè$d2012 215 $aXII, 268 p.$d24 cm 225 1 $aSaggi di diritto amministrativo$v19 610 0 $aDiritti umani$aTutela$aDiritto amministrativo$aPaesi dell'Unione europea 676 $a342.24085$v22$zita 700 1$aPacini,$bMarco$0283369 801 0$aIT$bUNINA$gREICAT$2UNIMARC 901 $aBK 912 $a990009619010403321 952 $aI G 393 (19)$b49590$fFSPBC 959 $aFSPBC 996 $aDiritti umani e amministrazioni pubbliche$9849547 997 $aUNINA LEADER 01419nas--2200409---4500 001 990002956800203316 005 20110124145104.0 011 $a1055-9965 035 $a000295680 035 $aUSA01000295680 035 $a(ALEPH)000295680USA01 035 $a000295680 100 $a20070711a19919999km-y0itay50------ba 101 0 $aeng 102 $aUS 110 $aafa-------- 200 1 $aCancer epidemiology, biomarkers & prevention$ea journal of the American association for cancer research 210 $aPhiladelphia (PA)$cAmerican association for cancer research$d[1991]- 215 $av.$cill.$d28 cm 300 $aComincia nel 1991 300 $aDescrizione basata su: Vol. 16, n. 6 (June 2007) 326 $aMensile 517 1 $aCancer epidemiology, biomarkers, and prevention 606 0 $aCancro$xPeriodici 676 $a616.994005 712 02$aAmerican association for cancer research 801 0$aIT$bsalbc$gISBD 856 4 $uhttp://cebp.aacrjournals.org/$4.$zOnline da workstation autorizzate 912 $a990002956800203316 958 $aFAR$bFondo$c16(2007)-19(2010);$l2010; 959 $aSE 979 $aANNAMARIA$b90$c20070711$lUSA01$h1208 979 $aANNAMARIA$b90$c20070711$lUSA01$h1222 979 $aANNAMARIA$b90$c20070712$lUSA01$h0822 979 $aPATRY$b90$c20110124$lUSA01$h1451 996 $aCancer epidemiology, biomarkers & prevention$91031423 997 $aUNISA